000
00308nam a2200145Ia 4500
100
_a
Harry Mikel/ Schroeder/ Richard
942
_c
RB
654
_a
six sigma
245
_a
Six Sigma
260
_b
Currency
_a
NONE
_c
2000
082
_a
658.406
_b
HAR/SCH
300
_a
289
546
_a
ENGLISH
999
_c
18955
_d
18955